000 00694nam a2200253Ia 4500
003 OSt
005 20220926014457.0
006 a|||||r|||| 00| 0
007 ta
008 220923b |||||||| |||| 00| 0 eng d
037 _cGeneral Book
040 _aRTL
_cRTL
_beng
041 _2eng
_aeng
082 _aB25,1, K8
100 _aLipschutz Seymour
_947658
245 0 _aTheory and problems of linear algebra
260 _aNew York
_bMcGraw-Hill
_c1968
300 _a334p.
_ccm.
490 _aSchaum's Outline Series
500 _aAppendixes P 315-30
650 _aMatrix
_9234093
942 _hB25,1, K8
_cGB
_2CC
999 _c629090
_d629090